| 000 | 00420nam a2200157Ia 4500 | ||
|---|---|---|---|
| 008 | 230516s9999 xx 000 0 und d | ||
| 041 | _aeng | ||
| 082 |
_a615.321 _bRAG/MIT |
||
| 100 | _aRAGHU, MITRA | ||
| 245 | _aPHARMACOGNOSY OF INDIGENOUS DRUG VOL-I | ||
| 260 |
_bCENTRAL COUNCIAL FOR RESEARCH IN AYURVEDIC _c1982 |
||
| 300 | _a292 | ||
| 500 | _aPB | ||
| 520 | _aPGY | ||
| 650 | _aPHARMACOGNOSY & PHYTHOCHEMISTRY | ||
| 999 |
_c363145 _d363145 |
||